000
00293nam a2200121Ia 4500
008
220204s9999 xx 000 0 und d
082
_a
616.3
_b
GRI
100
_a
Helen E
245
0
_a
Gastroenterological nursing
260
_a
London
_b
Cassell
_c
1977
650
_a
Gastroenterology
942
_c
BK
999
_c
30771
_d
30771